[Event "BCF-chT4 0304 (4NCL)"]
[Site "West Bromwich "]
[Date "2004.03.28"]
[Round "6.5"]
[White "Dickson, George A"]
[Black "Odunaiya, Victor"]
[Result "1/2-1/2"]
[WhiteElo "1928"]
[BlackElo "1848"]
[PlyCount "76"]
[EventDate "2003.10.??"]
[EventType "team"]
[EventRounds "11"]
[EventCountry "ENG"]
[SourceTitle "EXT 2005"]
[Source "ChessBase"]
[SourceDate "2004.11.15"]
[SourceVersion "1"]
[SourceVersionDate "2004.11.15"]
[SourceQuality "1"]
[WhiteTeam "Metropolitan"]
[BlackTeam "Hilsmark Kingfisher II"]
[WhiteTeamCountry "ENG"]
[BlackTeamCountry "ENG"]

1. d4 Nf6 2. Nf3 g6 3. Bf4 Bg7 4. e3 d6 5. h3 0-0 6. Be2 Nbd7 7. 0-0 c6 8. c4 c5 9. Nc3 a6 10. Rc1 Re8 11. Bh2 b6 12. e4 cxd4 13. Nxd4 Bb7 14. f3 e5 15. Nb3 Nf8 16. Nd5 Bxd5 17. cxd5 b5 18. Rc6 Bh6 19. g4 Be3+ 20. Kg2 g5 21. Bg1 Bxg1 22. Rxg1 Ng6 23. Qd2 Nf4+ 24. Kh2 Re7 25. Nc1 Ne8 26. Nd3 Rd7 27. Nxf4 gxf4 28. Rgc1 Nf6 29. Qe1 Ne8 30. Qf2 Rb7 31. g5 f6 32. gxf6 Qxf6 33. Rg1+ Rg7 34. Rxg7+ Qxg7 35. Qh4 Kf8 36. Rc1 Qe7 37. Qg4 Qg7 38. Qh4 Qe7 1/2-1/2

[Event "BCF-chT4 0304 (4NCL)"]
[Site "West Bromwich "]
[Date "2004.03.27"]
[Round "5.5"]
[White "Odunaiya, Victor"]
[Black "Cox, Tristan"]
[Result "0-1"]
[WhiteElo "1848"]
[BlackElo "2064"]
[PlyCount "96"]
[EventDate "2003.10.??"]
[EventType "team"]
[EventRounds "11"]
[EventCountry "ENG"]
[SourceTitle "EXT 2005"]
[Source "ChessBase"]
[SourceDate "2004.11.15"]
[SourceVersion "1"]
[SourceVersionDate "2004.11.15"]
[SourceQuality "1"]
[WhiteTeam "Hilsmark Kingfisher II"]
[BlackTeam "Slough III"]
[WhiteTeamCountry "ENG"]
[BlackTeamCountry "ENG"]

1. e4 c5 2. Nf3 Nc6 3. d4 cxd4 4. Nxd4 Nf6 5. Nc3 e5 6. Nb3 Bb4 7. Bd3 d5 8. exd5 Nxd5 9. Bd2 Bxc3 10. bxc3 0-0 11. 0-0 f5 12. Bc4 Kh8 13. Qf3 e4 14. Qh5 Nf6 15. Qe2 Ne5 16. Nd4 Qd6 17. Rfd1 Nxc4 18. Qxc4 f4 19. Qb4 Qxb4 20. cxb4 g5 21. c4 Bg4 22. Re1 Rac8 23. Rac1 Kg8 24. h3 Bd7 25. b5 b6 26. Bb4 Rfe8 27. c5 bxc5 28. Rxc5 h6 29. Rec1 Rxc5 30. Rxc5 e3 31. fxe3 Rxe3 32. Rc7 Rd3 33. Bc5 Ne4 34. Rxd7 Rd1+ 35. Kh2 Ng3 36. Rd8+ Kh7 37. Rd7+ Kg6 38. Rd6+ Kh5 39. Rxh6+ Kxh6 40. Nf5+ Nxf5 41. Bxa7 Nd6 42. a4 Ra1 43. Bb8 Nb7 44. h4 Rxa4 45. hxg5+ Kxg5 46. b6 Rb4 47. Bc7 Na5 48. Kh3 Nc4 0-1

[Event "BCF-chT4 0304 (4NCL)"]
[Site "West Bromwich "]
[Date "2004.01.24"]
[Round "3.5"]
[White "Odunaiya, Victor"]
[Black "Twitchell, Neville H"]
[Result "1/2-1/2"]
[WhiteElo "1848"]
[BlackElo "2023"]
[PlyCount "114"]
[EventDate "2003.10.??"]
[EventType "team"]
[EventRounds "11"]
[EventCountry "ENG"]
[SourceTitle "EXT 2005"]
[Source "ChessBase"]
[SourceDate "2004.11.15"]
[SourceVersion "1"]
[SourceVersionDate "2004.11.15"]
[SourceQuality "1"]
[WhiteTeam "Hilsmark Kingfisher II"]
[BlackTeam "Mindsports II"]
[WhiteTeamCountry "ENG"]
[BlackTeamCountry "ENG"]

1. e4 c5 2. Nf3 d6 3. d4 cxd4 4. Nxd4 Nf6 5. Nc3 a6 6. a4 e5 7. Nb3 Be6 8. Be2 Be7 9. Be3 0-0 10. 0-0 Nbd7 11. f4 exf4 12. Rxf4 Ne5 13. Nd4 Rc8 14. Nf5 Ng6 15. Nxe7+ Qxe7 16. Rf1 Rxc3 17. bxc3 Nxe4 18. Qd4 f5 19. Rad1 Rc8 20. c4 Ne5 21. Bf4 Nxc4 22. Bd3 d5 23. Rb1 Ncd2 24. Bxe4 Nxb1 25. Bxd5 Nc3 26. Bxe6+ Qxe6 27. Kh1 Ne2 28. Qd2 Nxf4 29. Qxf4 Rxc2 30. h3 h6 31. Qb8+ Qc8 32. Qxc8+ Rxc8 33. Rxf5 Rc4 34. a5 Rb4 35. Rc5 Kf7 36. Kh2 Rb3 37. Kg1 Rb2 38. Kh2 Kf6 39. Kg3 g6 40. Kf3 Ke6 41. Rc3 Rb5 42. Ra3 Kf5 43. g4+ Kf6 44. h4 Ke6 45. Ke4 Rb4+ 46. Kf3 Kd5 47. Rd3+ Kc6 48. Re3 Rd4 49. Rb3 Kc7 50. Rc3+ Kd7 51. Rb3 Kc8 52. Rb6 g5 53. Rxh6 Rd5 54. h5 Rxa5 55. Rg6 Ra3+ 56. Kg2 Ra2+ 57. Kg3 Ra3+ 1/2-1/2